书目信息 |
| 书名: | Contemporary linguistics | |
| 作者: | William O'Grady ... [et al.]. | |
| 分册号: | ||
| 分册名: | 出版地: | Boston : |
|
| 出版社: | Bedford/St. Martin's | |
| 出版时间: | 2001. | |
| 页数: | xxiv, 751 p. : | |
| 开本: | 24 cm. | |
| 丛书名: | ||
| 中图分类号: | ||
| 科图分类号: | ||
| 其他分类号: | H0 | |
| 主题词: | ||
| 电子资源: | ||
| 000 | 00859cam 2200253 a 4500 | |
| 001 | E0732084235 | |
| 005 | 20070313090541.84 | |
| 008 | 000516s2001 maua b 001 0 eng | |
| 010 | @a 00104679 | |
| 020 | @a0312247389. | |
| 040 | @aDLC@cDLC@dDLC | |
| 042 | @apcc | |
| 050 | 00 | @aP121@b.O35 2001 |
| 082 | 00 | @a410 @2 21 |
| 090 | @aH0 | |
| 099 | @dH0@ex63 | |
| 245 | 00 | @aContemporary linguistics :@ban introduction / @cWilliam O'Grady ... [et al.]. |
| 250 | @a4th ed. | |
| 260 | @aBoston :@bBedford/St. Martin's,@c2001. | |
| 300 | @axxiv, 751 p. :@bill. ;@c24 cm. | |
| 504 | @aIncludes bibliographical references and indexes. | |
| 650 | 0 | @aLinguistics. |
| 700 | 1 | @aO'Grady, William D.@q(William Delaney),@d1952- |
| 955 | @apc22 05-16-00; lg02-2001 to le03 04-06-01@dle03 2002-09-12@ele02 2002-09-16 to Dewey@aaa03 2002-10-05 | |
| Contemporary linguistics : : an introduction / / William O'Grady ... [et al.].-4th ed.-Boston : : Bedford/St. Martin's, , 2001. |
| xxiv, 751 p. : : ill. ; ; 24 cm. |
| Includes bibliographical references and indexes. |
| ISBN 0312247389. |
| ● |
| 相关链接 |
|
|
|
|
正题名:Contemporary linguistics
索取号:H0/x63
 
预约/预借
| 序号 | 登录号 | 条形码 | 馆藏地/架位号 | 状态 | 备注 |
| 1 | 0001601 | 300016015 | 第二样本阅览室/ [索取号:H0/x63] | 在馆 | |
| 2 | 0001602 | 300016024 | 第四借阅区/ [索取号:H0/x63] | 在馆 |